| 000 | 00560nam a2200193Ia 4500 | ||
|---|---|---|---|
| 008 | 140321s9999 xx 000 0 und d | ||
| 020 | _a9780415585972 | ||
| 050 |
_aHJ 141 _b.Ul43 2011 |
||
| 100 | _aUlbrich, Holley H. | ||
| 245 |
_aPublic finance in theory and practice / _cHolley H. Ulbrich. |
||
| 250 | _a2nd ed. | ||
| 260 |
_aNew York : _bRoutledge, _cc2011. |
||
| 300 |
_a365 p. : _bill. ; _c26 cm. |
||
| 500 | _aIncludes bibliographical references and index. | ||
| 521 | _aBSBA | ||
| 650 | _aFinance, Public. | ||
| 942 |
_kFOR _cBK |
||
| 999 |
_c48201 _d48201 |
||